[Event "RUS-chT2"]
[Site "Sochi"]
[Date "2008.04.10"]
[Round "8"]
[White "Nikolaev, Nikita"]
[Black "Vorobiov, Evgeny E"]
[Result "1/2-1/2"]
[WhiteElo "2424"]
[BlackElo "2537"]
[PlyCount "21"]
[EventDate "2008.04.03"]
[EventType "team"]
[EventRounds "9"]
[EventCountry "RUS"]
[SourceTitle "CBM 123 Extra"]
[Source "ChessBase"]
[SourceDate "2008.05.06"]
[SourceVersion "1"]
[SourceVersionDate "2008.05.06"]
[SourceQuality "1"]

1. d4 Nf6 2. Bg5 e6 3. c3 h6 4. Bh4 b6 5. e3 Bb7 6. Nf3 d6 7. Nbd2 Nbd7 8. Qc2 Be7 9. h3 c5 10. Bd3 Rc8 11. 0-0 1/2-1/2

[Event "RUS-chT2"]
[Site "Sochi"]
[Date "2008.04.05"]
[Round "3"]
[White "Badmatsyrenov, Oleg"]
[Black "Nikolaev, Nikita"]
[Result "0-1"]
[WhiteElo "2343"]
[BlackElo "2424"]
[PlyCount "96"]
[EventDate "2008.04.03"]
[EventType "team"]
[EventRounds "9"]
[EventCountry "RUS"]
[SourceTitle "CBM 123 Extra"]
[Source "ChessBase"]
[SourceDate "2008.05.06"]
[SourceVersion "1"]
[SourceVersionDate "2008.05.06"]
[SourceQuality "1"]

1. e4 Nc6 2. Nf3 d6 3. d4 g6 4. Nc3 Bg7 5. Bb5 a6 6. Bxc6+ bxc6 7. 0-0 Nf6 8. h3 0-0 9. Be3 Nd7 10. Ne2 c5 11. dxc5 Nxc5 12. Bxc5 dxc5 13. Qc1 Rb8 14. Rb1 Qe8 15. b3 Qc6 16. Qe3 Bb7 17. Ng3 Rbd8 18. Rfd1 Rd6 19. Rd5 Qb6 20. Rdd1 Qa5 21. Re1 Rd7 22. h4 Rfd8 23. h5 Qc3 24. hxg6 hxg6 25. Qg5 Qxc2 26. Rbc1 Qxa2 27. Qxc5 Ba8 28. Ne5 Rd6 29. b4 Qe6 30. Nf3 Rc6 31. Qa5 Rc4 32. Ng5 Qc6 33. Rb1 Bd4 34. Qa2 e6 35. Nf3 Rc2 36. Nxd4 Rxd4 37. Qa3 Rdd2 38. Nh1 Qb6 39. Qg3 Bc6 40. Rb3 Qd4 41. Rbe3 Rd1 42. Qf3 Rcc1 43. Rxd1 Rxd1+ 44. Kh2 Qa1 45. g4 Qh8+ 46. Qh3 Qxh3+ 47. Rxh3 Bxe4 48. Ng3 Bd5 0-1

[Event "St Petersburg"]
[Site "St Petersburg"]
[Date "2006.01.22"]
[Round "6"]
[White "Lanin, Alexsej"]
[Black "Nikolaev, Nikita"]
[Result "0-1"]
[WhiteElo "2449"]
[BlackElo "2410"]
[PlyCount "94"]
[EventDate "2006.01.17"]
[EventType "tourn"]
[EventRounds "9"]
[EventCountry "RUS"]
[EventCategory "5"]
[SourceTitle "CBM 110 Extra"]
[Source "ChessBase"]
[SourceDate "2006.03.10"]
[SourceVersion "2"]
[SourceVersionDate "2006.03.10"]
[SourceQuality "1"]

1. e4 c5 2. Nf3 Nc6 3. d4 cxd4 4. Nxd4 Nf6 5. Nc3 e6 6. Ndb5 Bb4 7. Bf4 0-0 8. Bc7 Qe7 9. Bd6 Bxd6 10. Qxd6 Qxd6 11. Nxd6 Ne8 12. Ncb5 a6 13. Nxe8 axb5 14. Nd6 b4 15. Bc4 Rd8 16. 0-0-0 Kf8 17. Rd2 Ke7 18. Rhd1 g5 19. Kb1 b6 20. h4 h6 21. hxg5 hxg5 22. Nxc8+ Raxc8 23. Bb5 Ne5 24. Rd4 Rh8 25. Rxb4 Rh2 26. Bf1 Ng4 27. Rxb6 Nxf2 28. Re1 Rh1 29. a4 Nxe4 30. Rxe4 Rxf1+ 31. Ka2 Rxc2 32. a5 Rxg2 33. a6 Rgg1 34. b4 Rg2+ 35. Kb3 Rf3+ 36. Ka4 Ra2+ 37. Kb5 Rf5+ 38. Kc4 d5+ 39. Kb3 Rxa6 40. Rexe6+ fxe6 41. Rxa6 g4 42. b5 g3 43. Ra1 Kd6 44. Kb4 g2 45. Rg1 Rg5 46. Ka5 Kc7 47. Ka6 Kb8 0-1

[Event "St Petersburg"]
[Site "St Petersburg"]
[Date "2006.01.20"]
[Round "4"]
[White "Zakharchenko, Arnold"]
[Black "Nikolaev, Nikita"]
[Result "0-1"]
[WhiteElo "2283"]
[BlackElo "2410"]
[PlyCount "94"]
[EventDate "2006.01.17"]
[EventType "tourn"]
[EventRounds "9"]
[EventCountry "RUS"]
[EventCategory "5"]
[SourceTitle "CBM 110 Extra"]
[Source "ChessBase"]
[SourceDate "2006.03.10"]
[SourceVersion "2"]
[SourceVersionDate "2006.03.10"]
[SourceQuality "1"]

1. d4 Nf6 2. c4 g6 3. Nc3 Bg7 4. e4 d6 5. f3 0-0 6. Be3 Nc6 7. Nge2 a6 8. Rb1 Re8 9. b4 Bd7 10. Qd2 e5 11. d5 Ne7 12. Ng3 Rf8 13. Bd3 Ne8 14. 0-0 f5 15. Nge2 f4 16. Bf2 g5 17. c5 g4 18. fxg4 Bxg4 19. b5 dxc5 20. Bxc5 b6 21. Bf2 a5 22. Kh1 Ng6 23. Ng1 Kh8 24. Be2 Bd7 25. Nf3 Nd6 26. a4 Bf6 27. Qd3 Qe7 28. Rbc1 Rg8 29. Nb1 Rac8 30. Nbd2 Rg7 31. Nc4 Rcg8 32. Nxd6 Qxd6 33. Rg1 Bd8 34. Be1 Nf8 35. Bc3 Bf6 36. Bb2 Be8 37. Ba3 Qd8 38. d6 cxd6 39. Qxd6 Rd7 40. Qc6 Rd3 41. Qxf6+ Qxf6 42. Bxd3 Ng6 43. Bc4 Rg7 44. Bd5 Bd7 45. Rc3 Nh4 46. Nxh4 Qxh4 47. Rgc1 Qg4 0-1

[Event "Petrovskaya Ladya"]
[Site "Peterhof"]
[Date "2005.08.06"]
[Round "8"]
[White "Dornbusch, Tatiana"]
[Black "Nikolaev, Nikita"]
[Result "0-1"]
[WhiteElo "2281"]
[BlackElo "2356"]
[PlyCount "90"]
[EventDate "2005.08.01"]
[EventType "tourn"]
[EventRounds "13"]
[EventCountry "RUS"]
[EventCategory "5"]
[SourceTitle "CBM 107 Extra"]
[Source "ChessBase"]
[SourceDate "2005.09.01"]
[SourceVersion "1"]
[SourceVersionDate "2005.09.01"]
[SourceQuality "1"]

1. d4 Nf6 2. Nf3 g6 3. g3 Bg7 4. Bg2 0-0 5. c4 d6 6. Nc3 Nc6 7. 0-0 a6 8. Re1 Rb8 9. Rb1 Bf5 10. e4 Bg4 11. Be3 Nd7 12. Ne2 Na5 13. b3 c5 14. h3 Bxf3 15. Bxf3 cxd4 16. Nxd4 Nc6 17. Bg2 Nxd4 18. Bxd4 Bxd4 19. Qxd4 Qa5 20. Re2 Rfc8 21. f4 b5 22. cxb5 Qxb5 23. Rd2 Rc4 24. Qe3 Rbc8 25. Bf1 Rc1 26. Rd1 Rxb1 27. Rxb1 Qa5 28. Rc1 Rxc1 29. Qxc1 Nc5 30. Bg2 Qxa2 31. b4 Ne6 32. Qc8+ Kg7 33. Qc3+ f6 34. e5 dxe5 35. fxe5 f5 36. Bf1 Qb1 37. Kf2 f4 38. gxf4 Nxf4 39. Qd2 Qe4 40. Qc3 Nd5 41. Qc5 Qf4+ 42. Kg1 Ne3 43. Qxe7+ Kh6 44. Bg2 Nxg2 45. Kxg2 Qg5+ 0-1

[Event "Petrovskaya Ladya"]
[Site "Peterhof"]
[Date "2005.08.05"]
[Round "6"]
[White "Lintchevski, Daniil"]
[Black "Nikolaev, Nikita"]
[Result "1/2-1/2"]
[WhiteElo "2332"]
[BlackElo "2356"]
[PlyCount "100"]
[EventDate "2005.08.01"]
[EventType "tourn"]
[EventRounds "13"]
[EventCountry "RUS"]
[EventCategory "5"]
[SourceTitle "CBM 107 Extra"]
[Source "ChessBase"]
[SourceDate "2005.09.01"]
[SourceVersion "1"]
[SourceVersionDate "2005.09.01"]
[SourceQuality "1"]

1. e4 Nc6 2. d4 d5 3. e5 Bf5 4. c3 e6 5. Nf3 f6 6. Bb5 Nge7 7. exf6 gxf6 8. Nh4 Bg6 9. Nxg6 hxg6 10. Qe2 Kf7 11. f4 Nf5 12. 0-0 Bd6 13. Bxc6 bxc6 14. Nd2 g5 15. g4 Ne7 16. fxg5 Bxh2+ 17. Kg2 f5 18. Nf3 Qd6 19. Ne5+ Bxe5 20. dxe5 Qd7 21. Bd2 Kg7 22. Rh1 fxg4 23. Qxg4 Ng6 24. Raf1 Rxh1 25. Rxh1 Rh8 26. Rxh8 Kxh8 27. Bf4 Kg8 28. Bg3 c5 29. Qf3 d4 30. Qf6 Nf8 31. g6 d3 32. Qf7+ Qxf7 33. gxf7+ Kxf7 34. Kf3 Nd7 35. Ke3 c4 36. b3 cxb3 37. axb3 Nc5 38. Bh4 Nxb3 39. Kxd3 Ke8 40. Kc4 Nd2+ 41. Kb5 Kd7 42. Be1 Nf3 43. Bg3 a6+ 44. Kxa6 Kc6 45. Ka7 Kd5 46. Kb7 c5 47. Kb6 Nd2 48. Kb5 Ne4 49. c4+ Kd4 50. Bh2 Nd2 1/2-1/2

[Event "Petrovskaya Ladya"]
[Site "Peterhof"]
[Date "2005.08.04"]
[Round "5"]
[White "Nikolaev, Nikita"]
[Black "Arzumanian, Georgy"]
[Result "1/2-1/2"]
[WhiteElo "2356"]
[BlackElo "2448"]
[PlyCount "30"]
[EventDate "2005.08.01"]
[EventType "tourn"]
[EventRounds "13"]
[EventCountry "RUS"]
[EventCategory "5"]
[SourceTitle "CBM 107 Extra"]
[Source "ChessBase"]
[SourceDate "2005.09.01"]
[SourceVersion "1"]
[SourceVersionDate "2005.09.01"]
[SourceQuality "1"]

1. d4 d5 2. Nf3 e6 3. c4 c6 4. g3 f5 5. Bg2 Nf6 6. 0-0 Bd6 7. b3 Qe7 8. Bb2 0-0 9. Nbd2 Bd7 10. Ne5 Be8 11. Nd3 Bh5 12. Nf3 Nbd7 13. Nfe5 Rfd8 14. Qc2 Rac8 15. Rac1 Qe8 1/2-1/2

[Event "St Petersburg White Nights op"]
[Site "St Petersburg"]
[Date "2005.06.25"]
[Round "8"]
[White "Vrublevskaya, Olga"]
[Black "Nikolaev, Nikita"]
[Result "0-1"]
[WhiteElo "2157"]
[BlackElo "2356"]
[PlyCount "114"]
[EventDate "2005.06.18"]
[EventType "swiss"]
[EventRounds "9"]
[EventCountry "RUS"]
[SourceTitle "CBM 106 Extra"]
[Source "ChessBase"]
[SourceDate "2005.07.01"]
[SourceVersion "1"]
[SourceVersionDate "2005.07.01"]
[SourceQuality "1"]

1. e4 c5 2. Nf3 Nc6 3. c3 d6 4. d4 Nf6 5. Bd3 g6 6. d5 Nb8 7. h3 Bg7 8. Bf4 0-0 9. Nbd2 e5 10. dxe6 Bxe6 11. 0-0 Nc6 12. Ng5 Bc8 13. Ngf3 Be6 14. Re1 d5 15. Bg5 Qc7 16. Qc2 c4 17. Bf1 Nxe4 18. Nxe4 Bf5 19. Nfd2 dxe4 20. Re3 b5 21. Nxe4 Rae8 22. Qe2 Re6 23. Ng3 Bd3 24. Qd2 Rxe3 25. Qxe3 Bxf1 26. Rxf1 Ne5 27. Ne2 Nd3 28. Rb1 Qd7 29. Nd4 Re8 30. Qd2 Bxd4 31. cxd4 Qxd4 32. Be3 Qe5 33. b3 Qe4 34. Rd1 Qe7 35. Qc3 Qe5 36. Bd4 Qe2 37. Rd2 Qe1+ 38. Kh2 b4 39. Qc2 Qe6 40. Be3 Ne5 41. bxc4 Nxc4 42. Rd3 Qe5+ 43. Kg1 Nxe3 44. fxe3 a5 45. Qc4 Qf5 46. Qd4 a4 47. Qa1 Rc8 48. Qd4 Qb5 49. Rd2 b3 50. axb3 axb3 51. Rb2 Rc1+ 52. Kh2 Qb8+ 53. Qf4 Qxf4+ 54. exf4 Rc3 55. Kg1 Kg7 56. Kf1 Rc1+ 57. Ke2 Rc2+ 0-1

[Event "St Petersburg White Nights op"]
[Site "St Petersburg"]
[Date "2005.06.24"]
[Round "7"]
[White "Nikolaev, Nikita"]
[Black "Lavrik, Dmitry"]
[Result "1/2-1/2"]
[WhiteElo "2356"]
[BlackElo "2222"]
[PlyCount "145"]
[EventDate "2005.06.18"]
[EventType "swiss"]
[EventRounds "9"]
[EventCountry "RUS"]
[SourceTitle "CBM 106 Extra"]
[Source "ChessBase"]
[SourceDate "2005.07.01"]
[SourceVersion "1"]
[SourceVersionDate "2005.07.01"]
[SourceQuality "1"]

1. d4 Nf6 2. Nf3 c5 3. d5 d6 4. Bg5 Nbd7 5. g3 g6 6. Bg2 Bg7 7. 0-0 b5 8. Re1 Rb8 9. e4 h6 10. Bf4 Nh5 11. Bc1 0-0 12. g4 Nhf6 13. h3 Nb6 14. Bf4 h5 15. g5 Nfd7 16. c3 Nc4 17. Qc2 Nde5 18. Nxe5 Nxe5 19. Nd2 e6 20. dxe6 Bxe6 21. Nf3 Nxf3+ 22. Bxf3 Be5 23. Qd2 Bxh3 24. Rad1 Qe7 25. Be3 f6 26. Bxh5 gxh5 27. f4 fxg5 28. fxe5 dxe5 29. Qd5+ Qe6 30. Qxe6+ Bxe6 31. Bxg5 Rb7 32. Re3 Rg7 33. Rg3 Rg6 34. Bf4 Rxg3+ 35. Bxg3 Re8 36. Rf1 Bxa2 37. Ra1 Bc4 38. Rxa7 Bd3 39. Rc7 c4 40. Rc5 Bxe4 41. Rxb5 Kf7 42. Kf2 Kf6 43. Ke3 Bg6 44. Rc5 Bf7 45. Rc6+ Kf5 46. Rc7 Kf6 47. Bh4+ Kg6 48. Rc6+ Kf5 49. Rf6+ Kg4 50. Bf2 Bd5 51. Rd6 Be6 52. Rd1 h4 53. Bg1 Kh5 54. Ke4 Bg4 55. Ra1 Rf8 56. Be3 Re8 57. Ra6 Bc8 58. Rf6 Kg4 59. Rg6+ Kh3 60. Bg5 Bb7+ 61. Ke3 Rh8 62. Rg7 Bd5 63. Bf6 Rh5 64. Re7 e4 65. Rg7 Rf5 66. Bd8 Rh5 67. Bc7 Rf5 68. Bd8 Rf3+ 69. Ke2 Rf4 70. Rh7 Rg4 71. Kf2 Rg2+ 72. Ke3 Rg4 73. Kf2 1/2-1/2

[Event "RUS-chT Clubs"]
[Site "Sochi"]
[Date "2005.04.20"]
[Round "4"]
[White "Shkurikhin, Ilia"]
[Black "Nikolaev, Nikita"]
[Result "1-0"]
[WhiteElo "2284"]
[BlackElo "2356"]
[PlyCount "65"]
[EventDate "2005.04.19"]
[EventType "team"]
[EventRounds "9"]
[EventCountry "RUS"]
[SourceTitle "EXT 2006"]
[Source "ChessBase"]
[SourceDate "2005.11.24"]
[SourceVersion "1"]
[SourceVersionDate "2005.11.24"]
[SourceQuality "1"]

1. d4 Nf6 2. c4 g6 3. Nf3 Bg7 4. Nc3 0-0 5. g3 d6 6. Bg2 Nc6 7. d5 Na5 8. Nd2 c5 9. 0-0 a6 10. Qc2 Rb8 11. b3 b5 12. Bb2 bxc4 13. bxc4 Bh6 14. f4 e5 15. dxe6 Bxe6 16. Nd5 Bxd5 17. cxd5 Bg7 18. Bc3 Rb5 19. e4 Nd7 20. Bxg7 Kxg7 21. Rae1 Re8 22. Qc3+ f6 23. Nf3 Rb4 24. e5 Nc4 25. a3 Ra4 26. Qc2 Qa5 27. exf6+ Nxf6 28. Rxe8 Nxe8 29. Qe2 Qd8 30. Re1 Kf8 31. Ng5 Ng7 32. Ne6+ Nxe6 33. dxe6 1-0

[Event "RUS-chT2 12th"]
[Site "Smolensk"]
[Date "2005.02.05"]
[Round "4"]
[White "Pimonenko, Boris"]
[Black "Nikolaev, Nikita"]
[Result "1/2-1/2"]
[WhiteElo "2339"]
[BlackElo "2339"]
[PlyCount "57"]
[EventDate "2005.02.03"]
[EventType "team"]
[EventRounds "11"]
[EventCountry "RUS"]
[SourceTitle "CBM 104 Extra"]
[Source "ChessBase"]
[SourceDate "2005.03.01"]
[SourceVersion "1"]
[SourceVersionDate "2005.03.01"]
[SourceQuality "1"]

1. d4 Nf6 2. c4 g6 3. Nc3 Bg7 4. e4 d6 5. Be2 0-0 6. Bg5 Na6 7. Qd2 e5 8. d5 c6 9. f3 cxd5 10. cxd5 Bd7 11. g4 Qa5 12. h4 Nc5 13. Rb1 Qb4 14. Nh3 h5 15. Bxf6 Bxf6 16. gxh5 Bxh4+ 17. Nf2 Bxf2+ 18. Kxf2 Qd4+ 19. Ke1 Qxd2+ 20. Kxd2 a5 21. hxg6 fxg6 22. Rh6 Kg7 23. Rbh1 Rh8 24. Rxh8 Rxh8 25. Rxh8 Kxh8 26. Bb5 Bh3 27. Be8 Kg7 28. Nb5 Kf6 29. Ke3 1/2-1/2

[Event "Chigorin Memorial-B 10th"]
[Site "St Petersburg"]
[Date "2002.11.03"]
[Round "9"]
[White "Nikolaev, Nikita"]
[Black "Margolin, Evgenij"]
[Result "1-0"]
[WhiteElo "2358"]
[BlackElo "2206"]
[PlyCount "117"]
[EventDate "2002.10.25"]
[EventType "swiss"]
[EventRounds "9"]
[EventCountry "RUS"]
[SourceTitle "EXT 2003"]
[Source "ChessBase"]
[SourceDate "2002.11.25"]
[SourceVersion "1"]
[SourceVersionDate "2002.11.25"]
[SourceQuality "1"]

1. d4 Nf6 2. Bg5 Ne4 3. Bf4 d5 4. Nd2 Bf5 5. e3 e6 6. Bd3 Nd7 7. Ne2 Nxd2 8. Qxd2 Bg6 9. c4 Nf6 10. 0-0 Bd6 11. c5 Bxf4 12. Nxf4 c6 13. b4 Bxd3 14. Nxd3 0-0 15. Qb2 Qc7 16. b5 Nd7 17. Rab1 Rab8 18. Qa3 Ra8 19. bxc6 bxc6 20. Qa6 Rab8 21. Nb4 Rfc8 22. Rb3 Kf8 23. Qa4 Rb5 24. Qa3 e5 25. Nxd5 Rxb3 26. axb3 cxd5 27. c6+ Kg8 28. cxd7 Qxd7 29. dxe5 h6 30. h3 Qc7 31. Rd1 Qc3 32. Qa6 Re8 33. Rxd5 Qxb3 34. Qb5 Qxb5 35. Rxb5 Rc8 36. Ra5 Rc7 37. f4 Kf8 38. Kf2 Ke7 39. Kf3 g6 40. g4 Rd7 41. Ra6 Rb7 42. f5 gxf5 43. gxf5 h5 44. Kf4 Rb4+ 45. e4 Rb3 46. Rxa7+ Kf8 47. f6 Ke8 48. e6 fxe6 49. Re7+ Kf8 50. Ke5 Rxh3 51. Kxe6 Ra3 52. e5 Ra6+ 53. Kf5 Ra1 54. Rh7 Kg8 55. Rxh5 Ra5 56. Kg6 Ra6 57. Rh1 Rb6 58. Rd1 Rb8 59. e6 1-0

[Event "Chigorin Memorial-B 10th"]
[Site "St Petersburg"]
[Date "2002.11.02"]
[Round "8"]
[White "Novikova, Anna"]
[Black "Nikolaev, Nikita"]
[Result "1/2-1/2"]
[WhiteElo "2206"]
[BlackElo "2358"]
[PlyCount "133"]
[EventDate "2002.10.25"]
[EventType "swiss"]
[EventRounds "9"]
[EventCountry "RUS"]
[SourceTitle "EXT 2003"]
[Source "ChessBase"]
[SourceDate "2002.11.25"]
[SourceVersion "1"]
[SourceVersionDate "2002.11.25"]
[SourceQuality "1"]

1. e4 g6 2. d4 Bg7 3. Nf3 d6 4. h3 a6 5. a4 Nd7 6. Nc3 e6 7. Bc4 b6 8. 0-0 Bb7 9. Be3 Ngf6 10. Re1 0-0 11. Bg5 h6 12. Bh4 g5 13. Nxg5 hxg5 14. Bxg5 Qe8 15. e5 Nh7 16. Bf4 dxe5 17. dxe5 f5 18. exf6 Rxf6 19. Bxc7 Qg6 20. Bg3 Rxf2 21. Kxf2 Rf8+ 22. Kg1 Qxg3 23. Bxe6+ Kh8 24. Bd5 Bxd5 25. Qxd5 Ng5 26. Kh1 Rf1+ 27. Rxf1 Be5 28. Qxe5+ Nxe5 29. Ne2 Qe3 30. Rf5 Ne4 31. Kh2 Nd6 32. Rh5+ Kg7 33. Ng3 Nf3+ 34. gxf3 Qf2+ 35. Kh1 Qxf3+ 36. Kh2 Qf2+ 37. Kh1 Ne4 38. Nxe4 Qf3+ 39. Kh2 Qxh5 40. Rg1+ Kf7 41. Ng3 Qe5 42. b3 Kg6 43. Rg2 Kg5 44. Re2 Qd6 45. Kg2 Qd5+ 46. Re4 Qc6 47. c4 Qd7 48. Re5+ Kf6 49. Rd5 Qh7 50. Nf5 Qg6+ 51. Kf2 Qh5 52. Ng3 Qxh3 53. Rd6+ Ke5 54. Rxb6 Qh2+ 55. Kf3 Qc2 56. Rb8 Qd3+ 57. Kf2 Qd4+ 58. Kf3 Qd3+ 59. Kf2 Qd7 60. Kg2 Qc6+ 61. Kf2 Qf6+ 62. Ke2 Qg6 63. Kf2 Kd4 64. Ne2+ Kc5 65. Rf8 Kb4 66. Rf3 Qd6 67. Re3 1/2-1/2

[Event "St Petersburg White Nights op"]
[Site "St Petersburg"]
[Date "2001.06.15"]
[Round "7"]
[White "Nikolaev, Nikita"]
[Black "Potkin, Vladimir"]
[Result "1/2-1/2"]
[WhiteElo "2319"]
[BlackElo "2512"]
[PlyCount "145"]
[EventDate "2001.06.09"]
[EventType "swiss"]
[EventRounds "9"]
[EventCountry "RUS"]
[SourceTitle "CBM 082 Extra"]
[Source "ChessBase"]
[SourceDate "2001.07.03"]
[SourceVersion "1"]
[SourceVersionDate "2001.07.03"]
[SourceQuality "1"]

1. b3 d5 2. Bb2 Nf6 3. Nf3 e6 4. c4 c5 5. g3 Nc6 6. Bg2 Be7 7. 0-0 0-0 8. Ne5 Nxe5 9. Bxe5 d4 10. Bxf6 Bxf6 11. d3 Qc7 12. Nd2 Bd7 13. Rb1 Be7 14. a3 a5 15. Nf3 Rfd8 16. Ne1 Rab8 17. Nc2 h6 18. Rb2 b5 19. cxb5 Bxb5 20. Qd2 a4 21. Rfb1 axb3 22. Rxb3 Ba6 23. Rxb8 Rxb8 24. Rxb8+ Qxb8 25. Qa5 Qb1+ 26. Ne1 c4 27. dxc4 Bxc4 28. Bf3 Qa2 29. Qa7 Bxa3 30. Nd3 Qb1+ 31. Kg2 Bxd3 32. Qxa3 Be4 33. Bxe4 Qxe4+ 34. Qf3 Qe5 35. h4 g6 36. Kh2 Kg7 37. Qd3 Qd5 38. Kg1 e5 39. f3 Qc5 40. Kf2 h5 41. Kg2 Qc3 42. Qb5 Qe3 43. Kf1 Qc1+ 44. Kf2 Qe3+ 45. Kf1 g5 46. hxg5 Qxg5 47. Kf2 h4 48. gxh4 Qxh4+ 49. Kf1 Qh1+ 50. Kf2 Qh2+ 51. Kf1 Qf4 52. Qd5 Qf5 53. Qd8 Qf6 54. Qd5 Kg6 55. Qd7 Qe6 56. Qd8 f6 57. Kf2 f5 58. f4 exf4 59. Qxd4 Qe4 60. Qd6+ Kh5 61. Qf6 Qe3+ 62. Kf1 Qh3+ 63. Kf2 Qh2+ 64. Kf1 Qh1+ 65. Kf2 Qh4+ 66. Qxh4+ Kxh4 67. Kf3 Kg5 68. Kg2 Kg4 69. Kf2 f3 70. exf3+ Kh3 71. f4 Kg4 72. Ke1 Kxf4 73. Kf2 1/2-1/2

[Event "St Petersburg White Nights op"]
[Site "St Petersburg"]
[Date "2001.06.11"]
[Round "3"]
[White "Nikolaev, Nikita"]
[Black "Yemelin, Vasily"]
[Result "0-1"]
[WhiteElo "2319"]
[BlackElo "2522"]
[PlyCount "83"]
[EventDate "2001.06.09"]
[EventType "swiss"]
[EventRounds "9"]
[EventCountry "RUS"]
[SourceTitle "CBM 082 Extra"]
[Source "ChessBase"]
[SourceDate "2001.07.03"]
[SourceVersion "1"]
[SourceVersionDate "2001.07.03"]
[SourceQuality "1"]

1. Nf3 c5 2. g3 Nc6 3. Bg2 g6 4. 0-0 Bg7 5. c4 e6 6. Nc3 Nge7 7. e4 0-0 8. d3 d6 9. Be3 Nd4 10. Qd2 Rb8 11. Bh6 e5 12. Bxg7 Kxg7 13. Nxd4 cxd4 14. Ne2 b5 15. b3 f6 16. f4 bxc4 17. dxc4 Nc6 18. Nc1 Qa5 19. Qe2 Qa3 20. f5 a5 21. h4 a4 22. Rb1 axb3 23. axb3 Ne7 24. g4 gxf5 25. exf5 Kh8 26. Be4 Bb7 27. Bxb7 Rxb7 28. Kh2 d5 29. Nd3 e4 30. Nf4 d3 31. Qd2 Qd6 32. Kh3 Rfb8 33. c5 Qxc5 34. b4 Qd6 35. Ne6 Ng8 36. g5 Qe5 37. Qg2 Ra7 38. g6 hxg6 39. Qxg6 Rh7 40. Rg1 d2 41. Qxh7+ Kxh7 42. Rg7+ 0-1

[Event "St Petersburg op"]
[Site "St Petersburg"]
[Date "2001.??.??"]
[Round "7"]
[White "Anisimov, Pavel"]
[Black "Nikolaev, Nikita"]
[Result "1/2-1/2"]
[WhiteElo "2325"]
[BlackElo "2305"]
[PlyCount "98"]
[EventDate "2001.??.??"]
[EventType "swiss"]
[EventRounds "9"]
[EventCountry "RUS"]
[SourceTitle "EXT 2002"]
[Source "ChessBase"]
[SourceDate "2001.11.25"]
[SourceVersion "1"]
[SourceVersionDate "2001.11.25"]
[SourceQuality "1"]

1. e4 c5 2. Nf3 e6 3. d4 cxd4 4. Nxd4 Nf6 5. Nc3 Nc6 6. Ndb5 Bb4 7. a3 Bxc3+ 8. Nxc3 d5 9. exd5 exd5 10. Bd3 0-0 11. 0-0 d4 12. Ne4 Bf5 13. Bg5 Bxe4 14. Bxe4 h6 15. Bxf6 Qxf6 16. Bxc6 bxc6 17. Qd3 Rfe8 18. Rfe1 Re5 19. Rxe5 Qxe5 20. h3 Re8 21. Rd1 c5 22. b4 Qd5 23. Qb5 Rc8 24. bxc5 Qxc5 25. Qxc5 Rxc5 26. Rxd4 Rxc2 27. Rd8+ Kh7 28. Rd7 a5 29. Rd5 Ra2 30. Rxa5 g5 31. g3 Kg6 32. Ra6+ f6 33. Kg2 h5 34. Kf3 Ra1 35. Ra8 Ra2 36. Ra7 Ra1 37. g4 h4 38. a4 Ra3+ 39. Kg2 Kh6 40. a5 Kg6 41. Ra8 Kg7 42. a6 Kh7 43. a7 Kg7 44. Kf1 Ra2 45. Ke1 Ra1+ 46. Ke2 Ra2+ 47. Ke3 Ra3+ 48. Ke4 Ra4+ 49. Kd5 Ra1 1/2-1/2

[Event "RUS-Cup"]
[Site "Tula"]
[Date "2001.??.??"]
[Round "1"]
[White "Eliseev, Alexey"]
[Black "Nikolaev, Nikita"]
[Result "1/2-1/2"]
[WhiteElo "2454"]
[BlackElo "2305"]
[PlyCount "47"]
[EventDate "2001.??.??"]
[EventType "swiss"]
[EventRounds "9"]
[EventCountry "RUS"]
[SourceTitle "EXT 2002"]
[Source "ChessBase"]
[SourceDate "2001.11.25"]
[SourceVersion "1"]
[SourceVersionDate "2001.11.25"]
[SourceQuality "1"]

1. d4 Nf6 2. c4 g6 3. Nc3 Bg7 4. e4 d6 5. Nf3 0-0 6. Be2 e5 7. dxe5 dxe5 8. Qxd8 Rxd8 9. Bg5 Re8 10. Nd5 Nxd5 11. cxd5 c6 12. Bc4 cxd5 13. Bxd5 Nc6 14. 0-0 Nb4 15. Bc4 Bg4 16. Be2 Bxf3 17. Bxf3 f6 18. Bd2 Nc6 19. Rfd1 Bf8 20. Be3 Red8 21. Rxd8 Rxd8 22. Rd1 Rxd1+ 23. Bxd1 Nd4 24. Kf1 1/2-1/2

[Event "St Petersburg op"]
[Site "St Petersburg"]
[Date "2001.??.??"]
[Round "8"]
[White "Nikolaev, Nikita"]
[Black "Sivokho, Sergey V"]
[Result "0-1"]
[WhiteElo "2305"]
[BlackElo "2478"]
[PlyCount "110"]
[EventDate "2001.??.??"]
[EventType "swiss"]
[EventRounds "9"]
[EventCountry "RUS"]
[SourceTitle "EXT 2002"]
[Source "ChessBase"]
[SourceDate "2001.11.25"]
[SourceVersion "1"]
[SourceVersionDate "2001.11.25"]
[SourceQuality "1"]

1. d4 Nf6 2. Nf3 g6 3. Bg5 Bg7 4. Nbd2 d5 5. e3 0-0 6. Bd3 c5 7. c3 b6 8. 0-0 Bb7 9. Ne5 Nfd7 10. Nxd7 Qxd7 11. f4 Ba6 12. Bxa6 Nxa6 13. Nf3 Nc7 14. Bh4 Qe6 15. Qd3 c4 16. Qe2 f5 17. Kh1 Ne8 18. Rg1 Bf6 19. h3 Nd6 20. g4 fxg4 21. Rxg4 Bxh4 22. Nxh4 Nf5 23. Nxf5 Rxf5 24. Qf3 Raf8 25. Re1 Qd6 26. Reg1 e5 27. dxe5 Qxe5 28. Qg2 Qe6 29. Rd1 Qxe3 30. Rxg6+ Kh8 31. Rg7 Rh5 32. Rg3 Qxf4 33. Rg1 Qe4 34. Re3 Qxg2+ 35. Rxg2 Rhf5 36. Re7 R5f7 37. Re5 Rd7 38. Rd2 Rfd8 39. Rg5 d4 40. cxd4 Rxd4 41. Rc2 Rd1+ 42. Kh2 R1d2+ 43. Rg2 Rxc2 44. Rxc2 Rd4 45. b3 cxb3 46. axb3 a5 47. Rc3 Kg7 48. Kg3 Kf7 49. Kf3 Ke6 50. Ke3 Kd5 51. Ke2 Kd6 52. Ke3 Rd5 53. b4 axb4 54. Rc4 b3 55. Rb4 Rh5 0-1

[Event "St Petersburg op"]
[Site "St Petersburg"]
[Date "2001.??.??"]
[Round "4"]
[White "Utkin, Aleksey"]
[Black "Nikolaev, Nikita"]
[Result "1/2-1/2"]
[WhiteElo "2302"]
[BlackElo "2305"]
[PlyCount "86"]
[EventDate "2001.??.??"]
[EventType "swiss"]
[EventRounds "9"]
[EventCountry "RUS"]
[SourceTitle "EXT 2002"]
[Source "ChessBase"]
[SourceDate "2001.11.25"]
[SourceVersion "1"]
[SourceVersionDate "2001.11.25"]
[SourceQuality "1"]

1. d4 Nf6 2. Nf3 g6 3. Bg5 Bg7 4. Nbd2 0-0 5. c3 d6 6. e4 Nc6 7. Qc2 e5 8. dxe5 Nxe5 9. Nxe5 dxe5 10. Bc4 c6 11. a4 h6 12. Be3 Qe7 13. b4 b6 14. h3 Be6 15. a5 Rfd8 16. Bxe6 Qxe6 17. 0-0 b5 18. Rfd1 Bf8 19. f3 Rd7 20. Nb3 a6 21. Nc5 Bxc5 22. Bxc5 Rad8 23. Bb6 Rxd1+ 24. Rxd1 Rd7 25. Be3 Kg7 26. Rd2 h5 27. Bg5 Ne8 28. Qd1 Rxd2 29. Qxd2 f6 30. Bh6+ Kh7 31. Bf8 g5 32. Qd8 Kg6 33. Qa8 Nc7 34. Qb7 Qd7 35. Bc5 Qd1+ 36. Kh2 Ne6 37. Qxc6 Nxc5 38. bxc5 Qd2 39. Qd5 Qf4+ 40. Kg1 Qc1+ 41. Kf2 Qc2+ 42. Kg3 h4+ 43. Kh2 Qf2 1/2-1/2